| 000 | 00547nam a22002057a 4500 | ||
|---|---|---|---|
| 003 | OSt | ||
| 005 | 20180116182954.0 | ||
| 008 | 140218b xxu||||| |||| 00| 0 eng d | ||
| 020 | _a9788131518571 | ||
| 040 |
_a0 _c0 |
||
| 082 | _a658 BRI 2009 | ||
| 100 | _aBrigham Houston | ||
| 245 |
_aFundamentals of Financial Management _cBrigham Houston |
||
| 250 | _a12th Ed. | ||
| 260 |
_aIndia _bCengage learning _c2009 |
||
| 300 |
_a674 +25p. _bPB |
||
| 440 | _aFundamentals of Financial Management | ||
| 600 | _aBrigham Houston | ||
| 942 |
_2ddc _cBK |
||
| 999 |
_c349614 _d349614 |
||